000 00344nam a2200157Ia 4500
008 221030s9999 xx 000 0 und d
020 _a0074516817
041 _aEnglish
082 _a105.23
_bIye
100 _aT. S. K. V. Iyer
245 0 _aCircuit Theory
260 _bTMH
_aNew Delhi
_c1985
300 _a520
650 _aEE
942 _cBK
999 _c1385
_d1385